| 000 | 00490nam a22001817a 4500 | ||
|---|---|---|---|
| 003 | BD-ChCU | ||
| 005 | 20251204125746.0 | ||
| 008 | 251204b bg ||||| |||| 00| 0 ben d | ||
| 040 | _cBD-ChCU | ||
| 082 | _a330.9 STI | ||
| 100 |
_aStamp, L. Dudley. _917514 |
||
| 245 |
_aAb intermediate commercial geography.// _cL, Dudley Stamp. |
||
| 250 | _a12th ed. | ||
| 260 |
_aLondon. _bLongmans, _c1965 |
||
| 300 | _aviii, 292p | ||
| 650 | 0 |
_aGeography, Commercial. _917517 |
|
| 942 |
_2ddc _cBK _n0 |
||
| 999 |
_c110145 _d110145 |
||